Gaming Quiz

Random Gaming or Video Games Quiz

The Binding of Isaac - Seven Deadly Sins Quiz Stats

 Plays Quiz not verified by Sporcle

Challenge
Share
Tweet
Score 0/7 Timer 01:30
1 Play Today
% Correct
Gluttony
92.7%
Lust
81.9%
Sloth
74%
Envy
73%
Greed
71%
Wrath
67.8%
Pride
66.8%

You're not logged in!

Compare scores with friends on all Sporcle quizzes.
OR
Log In

You Might Also Like...

Show Comments

Extras

Top Quizzes Today


Score Distribution

Your Account Isn't Verified!

In order to create a playlist on Sporcle, you need to verify the email address you used during registration. Go to your Sporcle Settings to finish the process.

Report this User

Report this user for behavior that violates our Community Guidelines.

Details: